00426nam a2200181Ia 4500003000400000005001700004008004100021020001800062024000700080040000700087041000800094082001600102100001700118245002900135260005000164300001700214365001300231OSt20230418093321.0210423s2010 xx 000 0 und d a9788131308431 cAL cAL aeng a368.03 SINS aSINGH (S R). aDictionary of insurance. aNew DelhibA P H Publishing Corporationc2010 axiii,287bHB b595cINR